Động cơ (cơ bản) : Sách hướng dẫn sửa chữa, kiểm tra và bảo trì những hệ thống động cơ ở các phương tiện vận chuyển, xe tải, xe búyt và ô tô : những nguyên tắc cơ bản về bảo trì /
Nguyên lý hoạt động; Động cơ cơ bản; Hệ thống nhiên liệu động cơ xăng; Hệ thống nhiên liệu của động cơ khí hoá lỏng; Hệ thống nhiên liệu của động cơ diezen.
Saved in:
| Other Authors: | , , , , |
|---|---|
| Format: | Book |
| Language: | Vietnamese |
| Published: |
Hà Nội :
Giao thông vận tải,
2003.
|
| Subjects: | |
| Tags: |
Add Tag
No Tags, Be the first to tag this record!
|
| Institutions: | Mạng thư viện Đại học Đà Nẵng |
|---|
| LEADER | 01738cam a2200397 a 4500 | ||
|---|---|---|---|
| 001 | 000043890 | ||
| 003 | 2011 | ||
| 005 | 20060419084818.0 | ||
| 008 | 010217b2003 vm 000 vie | ||
| 020 | |c 50000 | ||
| 040 | |a LRC |c LRC |d LRC | ||
| 041 | 0 | |a vie | |
| 082 | 1 | 4 | |a 629.25 |b Đô-C |
| 245 | 0 | 0 | |a Động cơ (cơ bản) : |b Sách hướng dẫn sửa chữa, kiểm tra và bảo trì những hệ thống động cơ ở các phương tiện vận chuyển, xe tải, xe búyt và ô tô : những nguyên tắc cơ bản về bảo trì / |c Lưu Văn Hy, Chung Thế Quang, Nguyễn Phước Hậu, Hùynh Kim Ngân, Đỗ Tấn Dân. |
| 260 | |a Hà Nội : |b Giao thông vận tải, |c 2003. | ||
| 300 | |a 475 tr. : |b mh. ; |c 20,5 cm. | ||
| 520 | 3 | |a Nguyên lý hoạt động; Động cơ cơ bản; Hệ thống nhiên liệu động cơ xăng; Hệ thống nhiên liệu của động cơ khí hoá lỏng; Hệ thống nhiên liệu của động cơ diezen. | |
| 630 | 0 | 4 | |a Động cơ. |
| 650 | 0 | 4 | |a Ô tô |x Động cơ |x Bảo trì và sửa chữa. |
| 700 | 1 | |a Lưu Văn Hy. | |
| 700 | 1 | |a Nguyễn Phước Hậu. | |
| 700 | 1 | |a Hùynh Kim Ngân. | |
| 700 | 1 | |a Đỗ Tấn Dân. | |
| 700 | 1 | |a Chung Thế Quang. | |
| OWN | |a DUT | ||
| AVA | |a UDN50 |b DUT |c Book |d 629.25 Đô-C |e available |t Error 5001 Not defined in file expand_doc_bib_avail. |f 5 |g 0 |h N |i 1 |j SH |k 1 | ||
| 999 | |a From the UDN01 | ||
| AVA | |a UDN50 |b DUT |c Book |d 629.25 Đô-C |e available |t Error 5001 Not defined in file expand_doc_bib_avail. |f 5 |g 0 |h N |i 1 |j SH |k 1 | ||
| TYP | |a Monograph | ||
| TYP | |a Printed language | ||
| 980 | |a Mạng thư viện Đại học Đà Nẵng | ||